00402nam a22001577a 4500020001800000082001300018100002300031245005800054250001200112260002800124300001000152600003600162650001500198650001400213700001700227 a9780199655007 aT33 B623 aBlowfield, Michael aCorporate responsibilitycedited by Michael blowfield a2nd ed. aNew DelhibOxfordc2018 a230p. aCorporate Social Responsibility aManagement aCorporate aMurray, Alan